| 000 | 00457cam a2200181ua 4500 | ||
|---|---|---|---|
| 020 | _c6.00 | ||
| 041 |
_amal _h |
||
| 082 |
_a894.81209 _bMAD/KU |
||
| 100 | _aMadhava Warrier, Madasseri . | ||
| 245 |
_aKunchante shesham / _cMadasseri Madhava Warrier. _hTextual Documents |
||
| 250 |
_a1 / _b. |
||
| 260 |
_a : _bMadasseri Madhava Warrier , _c1960. |
||
| 300 | _a488 ; . | ||
| 365 | _a6.00 | ||
| 504 | _a | ||
| 942 | _cBK | ||
| 999 |
_c12821 _d12821 |
||